| 000 | 00473nam a2200157 4500 | ||
|---|---|---|---|
| 001 | 119719 | ||
| 003 | ES-MaACL | ||
| 005 | 20230906191401.0 | ||
| 007 | t| | ||
| 008 | 070214s1945 sp r ||||1| spa d | ||
| 100 | 1 |
_aPerpiñá, Román. _991329 |
|
| 245 | 1 | 0 |
_aDe colonización y economía en la Guinea española / _cRomán Perpiña. |
| 260 |
_aBarcelona : _bLabor, _c1945. |
||
| 300 |
_aXVIII, 422 p., 40 lám. : _bil. ; _c29 cm. |
||
| 852 |
_aES-MaACL _jG-15380 _bR.21520 |
||
| 999 |
_c119719 _d119719 |
||